000 00870ngm a2200169 a 4500
005 20210223124319.0
008 010828s1980 mx 011 aaspa d
035 _aUPN01000110545
049 _aAV
050 4 _aPVI Q 0996
245 0 0 _aComienzo de la vida vertebrada.
260 _aMéxico :
_bPelículas Ebesa [distribuidor],
_c[198-].
300 _a1 videocasete (VHS) (11 min.) :
_bson., col.
520 _aLa microfotografía por intervalos, nos revela los asombrosos procesos que transforman un cigoto unicelular en un organismo pluricelular altamente especializado. La película está basada en el trabajo de un científico japonés que hace posible la fertilización de un huevo de oryzas latipe y la observación del desarrollo de un embrión vertebrado, desde la fertilización hasta la incubación
650 4 _aVERTEBRADOS
_919542
905 _aAudiovisuales
999 _c84454
_d84454